000 01660nam a2200493 i 4500
001 22219
003 KOSZ 005
005 20210430073636.0
008 990506s1983 pl a f |001 0 pol
015 _aUWD 1983/9012
020 _a8320405238
035 _a991009364449705066
035 _a(PL-WaBN)b12537147-48omnis_nlop
035 _ab12537147
035 _a(OCoLC)749631282
035 _a(PL)b0000001253714
035 _a(EXLNZ-48OMNIS_NETWORK)9910161834505606
040 _aWA N
_cWA N
_dKOSZ 005/HR
041 1 _apol
_hrus
046 _k1983
080 _a681.5
080 _a519.6
100 1 _aMojseev, Nikita Nikolaevič
_eAutor
245 1 0 _aElementy teorii systemów optymalnych /
_cN. N. Moisiejew ; przeł. z ros. Michał Wołodźko.
246 1 _iTyt. oryg.:
_aÈlementy teorii optimal'nyh sistem,
_f1975
260 _aWarszawa :
_bWydawnictwa Naukowo-Techniczne,
_c1983
_e(Pozn :
_fPZGMK).
300 _a484 s. :
_brys., wykr. ;
_c20 cm.
336 _aTekst
_btxt
_2rdacontent
337 _aBez urządzenia pośredniczącego
_bn
_2rdamedia
338 _aWolumin
_bnc
_2rdacarrier
380 _aKsiążki
380 _aPublikacje naukowe
388 _a1901-2000
388 _a1945-1989
504 _aIndeks.
650 7 _aAnaliza numeryczna
_2DBN
650 7 _aTeoria sterowania
_2DBN
658 _aInżynieria i technika
700 1 _aWołodźko, Michał
_eTłumaczenie
710 2 _aWydawnictwa Naukowo-Techniczne
_4pbl
856 _uhttp://koha.tu.koszalin.pl/cgi-bin/koha/opac-detail.pl?biblionumber=22219
_yKatalog online BPK
942 _2UKD
_cKS
999 _c22219
_d22219